مكتبة جامعة عجلون الوطنية

فهرس بحث المكتبة

الخطاب السامي لصاحب الجلالة الهاشمية الملك عبد الله الثاني ابن الحسين المعظم (Record no. 33370)

MARC details
000 -LEADER
fixed length control field 00803nam a22001697a 4500
003 - CONTROL NUMBER IDENTIFIER
control field JO-AjAnu
005 - DATE AND TIME OF LATEST TRANSACTION
control field 20240330120606.0
008 - FIXED-LENGTH DATA ELEMENTS--GENERAL INFORMATION
fixed length control field 240330b jo ||||| |||| 00| 0 ara d
040 ## - CATALOGING SOURCE
Original cataloging agency JO-AjAnu
Transcribing agency ANU
041 ## - LANGUAGE CODE
Language code of text/sound track or separate title ARA
111 ## - MAIN ENTRY--MEETING NAME
Meeting name or jurisdiction name as entry element الخطاب السامي لصاحب الجلالة الهاشمية الملك عبد الله الثاني ابن الحسين المعظم
9 (RLIN) 65179
245 ## - TITLE STATEMENT
Title الخطاب السامي لصاحب الجلالة الهاشمية الملك عبد الله الثاني ابن الحسين المعظم
260 ## - PUBLICATION, DISTRIBUTION, ETC.
Place of publication, distribution, etc. الأردن :
Name of publisher, distributor, etc. الديوان الملكي الهاشمي،
Date of publication, distribution, etc. 2022
300 ## - PHYSICAL DESCRIPTION
Extent 277 ورقه
611 ## - SUBJECT ADDED ENTRY--MEETING NAME
Form subdivision الخطابات الملكية-الملك عبد الله الثاني-الديوان الملكي-الأردن
942 ## - ADDED ENTRY ELEMENTS (KOHA)
Source of classification or shelving scheme Library of Congress Classification
Koha item type Reference
Suppress in OPAC No
Holdings
Withdrawn status Lost status Source of classification or shelving scheme Damaged status Not for loan Home library Current library Date acquired Total Checkouts Full call number Barcode Date last seen Price effective from Koha item type
    Library of Congress Classification     مكتبة جامعة عجلون الوطنية مكتبة جامعة عجلون الوطنية 30/03/2024   DS154.6.A22.2022 A29853 30/03/2024 30/03/2024 Reference